00829nam a2200181Ia 4500001023900000002005100239008003700290010001100327530002200338650002900360650003900389650005400428650001800482650002300500700004300523700003300566700004800599IA_The problematic that explores this paper focuses on the working conditions are graduates of the Department of Agroindustrial Engineering of the Universidad Autónoma Chapingo employed as skilled workers under the scheme of OutsourcingEXPLORACION DE SITUACION LABORAL ACTUAL DE LA MANO220117s xx 000 0 und d a185498 aDisponible en PDF aCondiciones de trabajo  aFood industryxEmployeesxMexico  aIndustria de los alimentosxEmpleadosxMéxico  aOutsourcing  aWorking conditions aGarcía Chávez, Luis Ramiro, asesor aMorales Santos, Tayde, dir.  aRamírez Díaz, Francisco Javier, asesor